000 01762nam a2200229Ia 4500
008 260220t1992||||xx |||||||||||||| ||spa||
040 _aPY-SlUNAC
_bspa
_erda
041 _aspa
082 _a551.6
_bC142c
245 0 _aCambio climático :
_bestrategias de respuesta del IPCC
264 _aMadrid :
_bOrganización Meteorológica Mundial,
_c℗1992.
300 _a1 volumen
520 _aEl libro "Cambio climático: estrategias de respuesta del IPCC" publicado en 1992 por la Organización Meteorológica Mundial ofrece un análisis exhaustivo sobre los desafíos globales que plantea el cambio climático y las estrategias propuestas para mitigarlo. A través de la evaluación de datos científicos y proyecciones futuras, el texto examina los impactos ambientales, económicos y sociales del calentamiento global. Se destacan las funciones del Panel Intergubernamental sobre Cambio Climático (IPCC) en la recopilación de información y la elaboración de políticas efectivas para abordar esta crisis. Además, el documento enfatiza la importancia de la cooperación internacional y el compromiso de los países para reducir las emisiones de gases de efecto invernadero. Este trabajo se considera fundamental para la comprensión de las dinámicas del cambio climático y ha influido en la formulación de políticas globales desde su publicación, sirviendo como un llamado a la acción para gobiernos, instituciones y la sociedad civil en su conjunto.
653 _aCambio climático
653 _aEstrategias de adaptación
653 _aOrganización Meteorológica Mundial
942 _b2026/02/17
_cBK
999 _c8062
_d8062